| 000 | 02209nam a2200493Ii 4500 | ||
|---|---|---|---|
| 001 | DIGCAST0041 | ||
| 003 | NyNyDIG | ||
| 006 | m o d | ||
| 007 | cr ||||||||||| | ||
| 008 | 150401t20132012sp a ob 000 j spa d | ||
| 035 | _a(OCoLC)913144859 | ||
| 040 |
_aDGITA _beng _erda _epn _cDGITA |
||
| 020 |
_a9788497405553 _q(eBook ; _qePub) |
||
| 020 | _z8497402723 | ||
| 020 | _z9788497402729 | ||
| 041 | 1 |
_aspa _heng |
|
| 050 | 1 | 4 | _aPS2604 eBook |
| 100 | 1 |
_aPoe, Edgar Allan, _d1809-1849, _eauthor. |
|
| 240 | 1 | 0 |
_aShort stories _kSelections _lSpanish |
| 245 | 1 | 0 |
_aManuscrito encontrado en una botella y otros relatos / _cEdgar Allan Poe ; traducción y edición de Juan José Cabedo Torres. |
| 250 | _aEdición en ePub. | ||
| 264 | 1 |
_aMadrid : _bEditorial Castalia, _cfebrero 2013. |
|
| 264 | 4 | _c©2012 | |
| 300 |
_a1 online resource : _billustrations. |
||
| 336 |
_atext _btxt _2rdacontent |
||
| 337 |
_acomputer _bc _2rdamedia |
||
| 338 |
_aonline resource _bcr _2rdacarrier |
||
| 490 | 1 |
_aCastalia prima ; _v55 |
|
| 500 | _aFirst edition in print: enero 2009. First electronic edition: septiembre 2012. | ||
| 505 | 0 | _aManuscrito encontrado en una botella -- La isla del hada -- Berenice -- El retrato ovalado -- La caja oblonga -- El gato negro -- El corazón acusador -- Hop-frog -- El pozo y el péndulo -- La máscara de la muerte roja -- Los hechos reales en el caso. | |
| 588 | 0 | _aOnline resource; title from ePub title page (Digitalia, viewed April 20, 2015) | |
| 600 | 1 | 0 |
_aPoe, Edgar Allan, _d1809-1849 _vTranslations into Spanish. |
| 650 | 0 |
_aEnglish language _xTranslating into Spanish. |
|
| 650 | 0 | _aShort stories, American. | |
| 655 | 0 | _aElectronic books. | |
| 700 | 1 |
_aCabedo Torres, Juan José, _d1959- _etranslator. |
|
| 791 | 2 |
_aDigitalia (Firm), _edistributor. |
|
| 793 | 0 |
_gDigitalia eBook Collection: _aEditorial Castalia |
|
| 776 | 0 | 8 |
_iPrint version: _aPoe, Edgar Allan. _tManuscrito encontrado en una botella y otros relatos. _dMadrid : Editorial Castalia, 2009 _z9788497402729 |
| 830 | 0 |
_aCastalia prima ; _v55. |
|
| 856 | 4 | 0 |
_3Digitalia Hispánica _uhttps://www.digitaliapublishing.com/a/30982/ |
| 910 | _aPremium Collection: 2015 | ||
| 942 | _cRAA | ||
| 999 |
_c240765 _d240765 |
||